The Beatles-Two Of Us (Lyrics) - Statistics

General Stats
  • This quiz has been taken 189 times
    129 since last reset
  • The average score is 131 of 166
Answer Stats
Lyrics % Correct
Of
100%
Two
100%
Us
100%
On
93%
We're
93%
Going
91%
Home
91%
Way
91%
I
90%
Our
90%
The
88%
And
87%
Back
87%
You
87%
Me
84%
Nowhere
80%
Riding
74%
Have
73%
Memories
73%
Road
71%
That
71%
In
70%
Sun
68%
Longer
65%
Than
65%
Out
63%
Stretches
62%
Ahead
61%
Solo
59%
Raincoats
57%
Wearing
57%
Not
56%
Spending
55%
Hard
54%
Driving
51%
Pay
51%
Standing
51%
Earned
50%
Paper
50%
Someone’s
50%
Sunday
49%
Chasing
48%
Getting
48%
Postcards
48%
Sending
46%
Writing
44%
Letters
41%
Matches
34%
Latches
33%
Lifting
33%
My
33%
Wall
29%
Burning
28%
Ariving
17%
No matching quizzes found
Score Distribution
Percent of People with Each Score
Percentile by Number Answered
Your Score History
You have not taken this quiz since the last reset